000 00391 a2200169 4500
001 189791
020 _a978-85-7319-817-1
040 _cMagnum
100 _aSanta Ana, Antonio
240 1 0 _aOs olhos do cão siberiano
_lpor
245 1 0 _aOs olhos do cão siberiano
300 _a96
362 0 _a2012
440 1 _aDimensão
697 _aLITERATURA JUVENIL ESTRANGEIRA
942 _cBK
999 _c189791
_d189791